Butlletí del mercat dels productes forestals a Catalunya
Publicado:
[Barcelona] :
Diputació de Barcelona. Àrea d'Espais Naturals. Oficina Tècnica de Prevenció Municipal d'Incendis Forestals ,
2004
Descripción Física:
9 exemplars periodicitat semestral ; 30 cm
Materias:
Barcelona (Catalunya : Província). -- Oficina Tècnica de Prevenció Municipal d'Incendis Forestals
; Barcelona (Catalunya : Província). -- Diputació -- Revistes
; Incendis forestals -- Catalunya -- Revistes
; Incendis -- Prevenció -- Catalunya -- Revistes
; Revistes
Idioma:
Catalán
MARC
| LEADER | 00000nas a2200000 a 4500 | ||
|---|---|---|---|
| 001 | 27792 | ||
| 003 | Arxiu | ||
| 005 | 20260324175738.0 | ||
| 008 | 160829s20042010spcfrx s cat c | ||
| 017 | |a DL B. 36742-2004 | ||
| 022 | |a 1698-4439 | ||
| 040 | |a AGDB | ||
| 245 | 0 | 0 | |a Butlletí del mercat dels productes forestals a Catalunya |
| 246 | 1 | 3 | |a Full informatiu dels productes forestals a Catalunya |
| 260 | |a [Barcelona] : |b Diputació de Barcelona. Àrea d'Espais Naturals. Oficina Tècnica de Prevenció Municipal d'Incendis Forestals ; |c 2004-2010 | ||
| 300 | |a 9 exemplars |b periodicitat semestral ; |c 30 cm | ||
| 310 | |a Semestral | ||
| 362 | |a Núm. 1 (2004)-Núm. 11 (2010) | ||
| 500 | |a Conté: Directori d'empreses col·laboradores, compra de fusta, llenyes i carbons, estella i pèl·lets, altres, treballs forestals | ||
| 590 | |a Semestral. | ||
| 590 | |a A la portada: Programa de desenvolupament Forestal. | ||
| 590 | |a A partir de 2008 canvia el títol: Full informatiu del mercat dels productes forestals a Catalunya. | ||
| 590 | |a També es troba disponible a: http://www.diba.es/incendis/publicacions/mercat.asp | ||
| 610 | 0 | |a Barcelona (Catalunya : Província). |b Oficina Tècnica de Prevenció Municipal d'Incendis Forestals |9 9456 | |
| 610 | 1 | 0 | |9 54166 |a Barcelona (Catalunya : Província). |b Diputació |v Revistes |
| 650 | 0 | |a Incendis forestals |x Catalunya |v Revistes |9 39824 | |
| 650 | 0 | |a Incendis |x Prevenció |9 56320 |z Catalunya |v Revistes | |
| 655 | 0 | |9 55823 |a Revistes | |
| 710 | |a Barcelona (Catalunya : Província). |b Oficina Tècnica de Prevenció Municipal d'Incendis Forestals |9 9456 | ||
| 856 | 4 | 0 | |u https://llibreria.diba.cat/es/editorial/diputacio-de-barcelona/246/coleccion/full-informatiu-del-mercat-de-productes-forestals/173 |z Accés lliure |
| 866 | |a 2004 (1), | ||
| 866 | |a 2005 (2) | ||
| 866 | |a 2006 (4, 5) | ||
| 866 | |a 2008 (7) | ||
| 866 | |a 2009 (9) | ||
| 866 | |a 2010 (10, 11) | ||
| 901 | |a Arxiu | ||
| 942 | |n 1 |2 udc |c REV | ||
| 952 | |0 0 |1 0 |4 0 |6 REV2115 |7 1 |9 49247 |a Arxiu |b Arxiu |d 2016-12-01 |h Núm. 1 (2004)-Núm. 11 (2010) |o Rev-2115 |p 27792 |r 2016-12-01 00:00:00 |w 2016-12-01 |y ARXIU | ||
| 999 | |c 53087 |d 53087 | ||